[Event "NRW-ch U16/18 Girls"]
[Site "Kranenburg"]
[Date "2005.04.02"]
[Round "7"]
[White "Deeke, Doreen"]
[Black "Schmale, Lina Maria"]
[Result "0-1"]
[WhiteElo "919"]
[BlackElo "1278"]
[PlyCount "64"]
[EventDate "2005.03.28"]
[EventType "swiss"]
[EventRounds "7"]
[EventCountry "GER"]
[SourceTitle "CBM 105 Extra"]
[Source "ChessBase"]
[SourceDate "2005.05.01"]
[SourceVersion "1"]
[SourceVersionDate "2005.05.01"]
[SourceQuality "1"]

1. d4 d5 2. Nf3 Bg4 3. Nc3 e6 4. e3 Bd6 5. Be2 c5 6. dxc5 Bxc5 7. Ne5 Bxe2 8. Qxe2 Nd7 9. Nf3 Ngf6 10. e4 Bb4 11. Bg5 Qc7 12. 0-0 Bxc3 13. bxc3 Nxe4 14. Bd2 0-0 15. Qd3 Rfc8 16. Ng5 Nxd2 17. Qxd2 Qxc3 18. Qf4 Nf6 19. Rab1 Qc7 20. Qb4 h6 21. Nf3 b6 22. Rbc1 Ne4 23. Nd2 Nc3 24. Rce1 Nxa2 25. Qb1 Qxc2 26. Qd1 Qxd1 27. Rxd1 Rc2 28. Nb3 Rac8 29. g3 Nc3 30. Rc1 Ne2+ 31. Kg2 Nxc1 32. Nxc1 Rxc1 0-1